00459pam a2200169 a 4500020000500000040002500005041001300030082001500043100002500058245006900083250001400152260003100166300001300197365001200210653004600222700002100268 c aMedical College Lib. aENGhENG a616.5bFIT aFitzprtick , T.B. . aDermatology in General Medicine Vol - II / chTextual Documents a4th / b. a : bMcGraw-Hill , c1993. a295 ; c a3901.00 aDermatologyaDermatologyaMedical Science aEisen , A. Z. .